000
00277nam a2200097 4500
999
_c
511944
_d
511944
082
_a
Y26x54 In2n
100
_a
India.Planning Commission
_9
12461
245
_a
National Mineral Policy: report of the High level Committee
260
_a
New Delhi
_b
The author
_c
2006
300
_a
208 p.